| 000 | 01617nam a22003017a 4500 | ||
|---|---|---|---|
| 999 |
_c10994 _d10994 |
||
| 005 | 20251125232829.0 | ||
| 008 | s2544 th tha d | ||
| 020 | _a9748856348 | ||
| 040 | _aNALT | ||
| 041 | _atha | ||
| 050 | _aDS586 ภ671พ 2544 | ||
| 100 | 0 | _aกนกวลี ชูชัยยะ | |
| 245 | 1 | 0 | _aพระบาทสมเด็จพระเจ้าอยู่หัวภูมิพลอดุลยเดช รัชกาลที่ 9 พระเจ้าอยู่หัวของประชาชน |
| 260 | 3 |
_aกรุงเทพฯ : _bทิปส์ พับบลิเคชั่น, _c2544 |
|
| 300 |
_a142 หน้า : _b ภาพประกอบ, แผนผัง ; _c 26 ซม. |
||
| 650 | 0 | 4 | _aพระราชพิธีกาญจนาภิเษก |
| 650 | 0 | 4 | _aพระราชพิธีรัชดาภิเษก |
| 650 | 0 | 4 | _aพระราชพิธีรัชมังคลาภิเษก |
| 650 | 0 | 4 | _aภูมิพลอดุลยเดช, พระบาทสมเด็จพระเจ้าอยู่หัว -- พระราชกรณียกิจ |
| 650 | 0 | 4 | _aภูมิพลอดุลยเดช, พระบาทสมเด็จพระเจ้าอยู่หัว, 2470-- |
| 650 | 0 | 4 | _aโครงการฝนหลวง |
| 650 | 0 | 4 | _aโครงการหลวง |
| 700 | 0 | _aกนกวลี ชูชัยยะ | |
| 850 | _aNALT | ||
| 856 | 4 | 0 |
_uhttps://hdl.handle.net/20.500.14156/448511 _71 |
| 942 |
_cGB _2lcc |
||